Türkiye'nin şehirleri - Armageddon - Statistics

General Stats
  • This quiz has been taken 306 times
  • The average score is 20 of 25
Answers on the Grid
Answers color-coded by a green-red scale on the quiz's grid according to % correct below.
İstanbul
Ankara
İzmir
Edirne
Mersin
Antioche
Samsun
İskenderun
Bursa
Antalya
Konya
Alanya
İzmit
Kırıkkale
Pamukkale
Batman
Sivas
Balıkesir
Tarsus
Van
Tekirdağ
Turgutlu
Gökçeada
Kahramanmaraş
Trabzon
Yambol
Ararat
Erevan
Chios
Faşıladır
Göudürışk
Shahınyan
Razgatlıoğlu
Öncü
Fenerbahçe
Galatasaray
 
Answer Stats
Answer % Correct
Ankara
89%
Antalya
88%
Bursa
88%
Edirne
88%
İstanbul
88%
Kahramanmaraş
88%
Kırıkkale
88%
Mersin
88%
Trabzon
88%
Van
88%
İzmir
87%
Batman
86%
Konya
86%
Sivas
86%
Tekirdağ
86%
Balıkesir
85%
Samsun
85%
İzmit
83%
Alanya
74%
İskenderun
70%
Pamukkale
70%
Tarsus
65%
Gökçeada
61%
Turgutlu
57%
Antioche
5%
No matching quizzes found
Score Distribution
Percent of People with Each Score
Percentile by Number Answered
Your Score History
You have not taken this quiz